| 000 | 01346nam a2200229Ia 4500 | ||
|---|---|---|---|
| 003 | Ost | ||
| 005 | 20260507075023.0 | ||
| 008 | 260507s9999||||xx |||||||||||||| ||und|| | ||
| 020 | _a291119957 | ||
| 040 | _cfsecg | ||
| 041 | _aara | ||
| 082 | _a330 | ||
| 100 |
_aالقسوس، رمزي نجيب _eمؤلف |
||
| 245 | 0 |
_aغسيل الأموال : _bجريمة العصر / _c رمزي نجيب القسوس |
|
| 260 |
_aعمان: _bدار وائل للنشر والتوزيع, _c2002 |
||
| 300 |
_a163 صفحة؛ _bإيضاحات ؛ _c24 سم |
||
| 520 | _aتعريف جريمة غسل الأموال- الطبيعة القانونية لجريمة غسيل الأموال- مراحل جريمة غسيل الأموال- أنماط ووسائل غسيل الأموال- مصادر الأموال غير الشرعية- مؤشرات غسيل الأموال-الجهود الدولية في مكافحة غسيل الأموال- العوامل التي تجعل الدولة هدفا لغسيل الأموال- الإرهاب الدولي وغسيل الأموال- مقترحات لمكافحة غسيل الأموال- بعض المصطلحات المستعملة في غسيل الأموال | ||
| 653 | _aجرائم الاختلاس | ||
| 653 | _aجرائم الأموال | ||
| 653 | _aجرائم التهريب | ||
| 942 | _cكتاب | ||
| 999 |
_c42306 _d42306 |
||